| 000 | 01181nam a2200301 i 4500 | ||
|---|---|---|---|
| 003 | DO-SdBNP | ||
| 005 | 20250616115437.0 | ||
| 007 | ta | ||
| 008 | 250616s2013 dr 000 0 spa d | ||
| 020 | _a9789945475746 | ||
| 040 |
_aDO-SdBNP _bspa _cBNPHU _erda |
||
| 082 |
_a398.9 _bN964 _222 |
||
| 100 | 1 |
_aNuñez, Juan Isidro _d1958- _927816 _eautor _4aut. |
|
| 245 | 1 | 0 |
_aRefranes, contrarrefranes, recontrarrefranes y requetecontrarrefranes / _cJuan Isidro Núñez ; prólogo, Alfonso García ; prefacio, José Miguel Soto Jiménez ; preámbulo, José Ángel M. Bratini |
| 264 | 1 |
_aSanto Domingo : _bEdiciones Rumbo Este, _c2013. |
|
| 300 |
_a406 páginas _c23 cm. |
||
| 336 |
_atexto _btxt _2rdacontent |
||
| 337 |
_asin mediación _bn _2rdamedia |
||
| 338 |
_avolumen _bnc _2rdacarrier |
||
| 500 | _aIncluye datos biografícos del autor en la solapa de la portada. | ||
| 504 | _aBibliografía p: 405-406. | ||
| 590 | _aInventariado, 2025/ YL | ||
| 700 | 1 |
_aGarcía, Alfonso _eprólogo, _4pról. _988123 |
|
| 700 | 1 |
_aSoto Jiménez, José Miguel _eprefacio _4pref. |
|
| 700 | 1 |
_aM. Bratini, José Ángel _epreámbulo _4pr. _988124 |
|
| 910 | _aYLockward | ||
| 942 |
_2ddc _cLBS1 |
||
| 999 |
_c59295 _d59295 |
||